Časové podmienky práce vo vybranom podniku diplomová práca

Saved in:
Bibliographic Details
Main Author: Ješková, Alexandra
Corporate Author: Fakulta podnikového manažmentu EU. Katedra manažmentu
Other Authors: Nachtmannová, Oľga, 1963-
Format: Book
Language:Slovak
Published: Bratislava 2023
Tags: Add Tag
No Tags, Be the first to tag this record!

MARC

LEADER 00000nbm a2200000 4500
001 0293704
005 20240514101656.8
041 0 |a slo 
044 |a SK 
245 1 0 |a Časové podmienky práce vo vybranom podniku  |b diplomová práca  |c Alexandra Ješková ; školiteľ: Oľga Nachtmannová 
264 1 |a Bratislava  |c 2023 
300 |a 57 s. 
100 1 |a Ješková, Alexandra 
700 1 |a Nachtmannová, Oľga, 1963- 
710 2 |a Fakulta podnikového manažmentu EU. Katedra manažmentu